000 00762cam a22002653a 4500
001 4215
003 PGUSA
005 20140828083050.0
008 030701s2003||||xxu|||||s|||||000 1 eng d
040 _aPGUSA
_beng
042 _adc
050 4 _aPS
100 1 _aCooper, James Fenimore,
_d1789-1851
245 1 0 _aOak Openings
_h[electronic resource] /
_cJames Fenimore Cooper
260 _bProject Gutenberg,
_c2003
506 _aPublic domain in the USA.
516 _aElectronic text
653 _aWestern stories
653 _aIndians of North America -- Fiction
653 _aHistorical fiction
653 _aAmerican fiction -- 19th century
830 0 _aProject Gutenberg
_v4215
856 4 0 _uhttp://www.gutenberg.org/ebooks/4215
942 _cEB
999 _c233544
_d233544